00286nam a22000977a 4500008004100000082001600041100003500057245007300092260001500165300000800180230629b xxu||||| |||| 00| 0 eng d a333.91bGLE cP.H Gleick, A.Singh and H. Shi aYou searched for: Title: THREATS TO THE WORLD'S FRESHWATER RESOURCES bunepc2001 a57p